• 首页
  • 本馆介绍
  • 公告通知
  • 最新文献
  • 馆藏检索
  • 电子资源
  • 读者导购
  • 参考咨询
  • 我的图书馆
  • 登录
  • 详细信息显示
  • 放入我的书架
  • 预约/预借图书
  • 作者相关作品
  • 分类相关作品
  • 丛书相关作品
  • 出版社相关作品

书目信息

  • 表格格式
  • 工作单格式
  • 卡片格式
题名:
专横
    
 
作者: 巴蕾特 , Barrett 著 ;王蕾 , 筱章 译
分册:  
出版信息: 上海   上海译文出版社  1995
页数: 14,276页
开本: 21cm
丛书名:
单 册:
中图分类: I712.45
科图分类: 47.6352
主题词: 长篇小说--美国--现代
电子资源:
ISBN: 7-5327-1668-6
000 00999nnam 2200301 45
001 1532182161
005 20150123160725.82
010    @a7-5327-1668-6@b精装@dCNY12.80
100    @a19950616d1995 em y0chiy0121 ea
101 1  @achi@ceng
102    @aCN@b310000
105    @ay z 000ay
200 10 @a专横@AZHUAN HENG@e《傲慢与偏见》续集@E《 AO MAN YU PIAN JIAN 》 XU JI@f(美)朱丽娅·巴雷特(Julia Barrett)著@F( MEI ) ZHU LI YA · BA LEI TE (Julia Barrett) ZHU@g王 蕾,筱 章译
210    @a上海@c上海译文出版社@d1995
215    @a14,276页@d21cm
300    @a书名原文:Presumption
304    @a著者通译:J.巴蕾特,美国作家
510 1  @aPresumption@zeng
517 1  @a傲慢与偏见续集@AAO MAN YU PIAN JIAN XU JI
606    @a长篇小说@y美国@z现代
690    @aI712.45
692    @a47.6352
701  1 @a巴蕾特@ABA LEI TE@b朱丽娅@4著
701 A1 @aBarrett@bJulia@4著
702  0 @a王蕾@AWANG LEI@4译
702  0 @a筱章@AXIAO ZHANG@4译
801  0 @aCN@bTSSF@c20150123
905    @aZUCC@dI712.4@eJY101
    
    专横:《傲慢与偏见》续集/(美)朱丽娅·巴雷特(Julia Barrett)著/王 蕾,筱 章译.-上海:上海译文出版社,1995
    14,276页;21cm
    书名原文:Presumption
    
    ISBN 7-5327-1668-6(精装):CNY12.80
    
●
相关链接 在E读中查询图书 在五车中查询图书 在当当中查询图书 在豆瓣中查询图书


正题名:专横     索取号:I712.4/JY101         预约/预借

序号 登录号 条形码 馆藏地/架位号 状态 备注
1 7839998   278399984   学院路分馆/ [索取号:I712.4/JY101] 在馆    
2 7851349   278513495   学院路分馆/ [索取号:I712.4/JY101] 在馆    
3 7851350   278513501   学院路分馆/ [索取号:I712.4/JY101] 在馆    
4 7851351   278513510   学院路分馆/ [索取号:I712.4/JY101] 在馆    
唐山师范学院图书馆 欢迎您!
大连网信软件有限公司© 版权所有